Data mining : practical machine learning tools and techniques

সংরক্ষণ করুন:
গ্রন্থ-পঞ্জীর বিবরন
প্রধান লেখক: Witten, I. H.
বিন্যাস: গ্রন্থ
প্রকাশিত: Morgan Kaufman
ট্যাগগুলো: ট্যাগ যুক্ত করুন
কোনো ট্যাগ নেই, প্রথমজন হিসাবে ট্যাগ করুন!

MARC

LEADER 00000nam a2200000Ia 4500
005 20260515061619.0
100 |a Witten, I. H. 
020 |a 9780443158889 
942 |c BK 
245 |a Data mining : practical machine learning tools and techniques  
260 |b Morgan Kaufman 
999 |c 88  |d 88 
952 |0 0  |1 0  |4 0  |7 0  |a ABDN  |b ABDN  |d 2026-05-15  |l 0  |p 000051  |r 2026-05-15 06:16:19  |w 2026-05-15  |y BK